<?xml version="1.0" encoding="UTF-8"?>
<marc:record xmlns:marc="http://www.loc.gov/MARC21/slim">
   <marc:leader>00000nam a2200000 a 4500</marc:leader>
   <marc:datafield ind1="1" ind2=" " tag="100">
      <marc:subfield code="a">Jakubik, Uwe</marc:subfield>
      <marc:subfield code="4">ctb</marc:subfield>
      <marc:subfield code="e">Mitwirkende/-r</marc:subfield>
   </marc:datafield>
   <marc:datafield ind1=" " ind2=" " tag="653">
      <marc:subfield code="a">Obstbaumschnitt</marc:subfield>
   </marc:datafield>
   <marc:datafield ind1=" " ind2=" " tag="653">
      <marc:subfield code="a">Softcover / Ratgeber/Natur/Garten</marc:subfield>
   </marc:datafield>
   <marc:datafield ind1=" " ind2=" " tag="653">
      <marc:subfield code="a">Ratgeber</marc:subfield>
   </marc:datafield>
   <marc:datafield ind1="0" ind2="0" tag="245">
      <marc:subfield code="a">Obstbaumschnitt Grundkurs</marc:subfield>
   </marc:datafield>
   <marc:datafield ind1="0" ind2="0" tag="245">
      <marc:subfield code="b">von Apfel bis Zwetsche - so schneiden Sie gut ab</marc:subfield>
   </marc:datafield>
   <marc:datafield ind1="0" ind2="0" tag="245">
      <marc:subfield code="c">Uwe Jakubik</marc:subfield>
   </marc:datafield>
   <marc:datafield ind1=" " ind2="1" tag="264">
      <marc:subfield code="a">Stuttgart (Hohenheim)</marc:subfield>
      <marc:subfield code="b">Ulmer</marc:subfield>
      <marc:subfield code="c">2012</marc:subfield>
   </marc:datafield>
   <marc:datafield ind1="1" ind2=" " tag="520">
      <marc:subfield code="a">Angaben aus der Verlagsmeldung

Obstbaumschnitt Grundkurs : Von Apfel bis Zwetsche. So schneiden Sie gut ab / von Uwe Jakubik

Schnitt für Schnitt zur leckeren Ernte

• Basiswissen zu Pflanzung, Schnitt und Pflege von Obstbäumen und Beerensträuchern
• Sortenatlas mit besonders pflegeleichten Sorten für den Hausgarten
• Mit dem Fehlerkompass lassen sich Schnittfehler rechtzeitig erkennen und beheben

Nur richtig und regelmäßig geschnittene Obstgehölze sichern Jahr für Jahr eine gesunde, schmackhafte Ernte. In diesem Buch finden Sie das Basiswissen zu Pflanzung, Schnitt und Pflege. Von A wie Apfel bis Z wie Zwetsche ist für jede Obstart der erste Pflanz- und der darauf folgende Erziehungsschnitt ausführlich beschrieben. Zahlreiche Fotos und Zeichnungen zeigen, was Schnitt für Schnitt zu tun ist.
</marc:subfield>
   </marc:datafield>
   <marc:datafield ind1=" " ind2=" " tag="020">
      <marc:subfield code="a">9783800176946</marc:subfield>
      <marc:subfield code="9">9783800176946</marc:subfield>
   </marc:datafield>
   <marc:datafield ind1=" " ind2=" " tag="020">
      <marc:subfield code="a">3800176947</marc:subfield>
      <marc:subfield code="9">3800176947</marc:subfield>
   </marc:datafield>
   <marc:datafield ind1=" " ind2=" " tag="041">
      <marc:subfield code="a">ger</marc:subfield>
   </marc:datafield>
   <marc:datafield ind1=" " ind2=" " tag="300">
      <marc:subfield code="a">125 S.</marc:subfield>
   </marc:datafield>
</marc:record>
